Detalles MARC
| 000 -LEADER |
| fixed length control field |
01517nam a2200205Ia 4500 |
| 003 - CONTROL NUMBER IDENTIFIER |
| control field |
OSt |
| 005 - DATE AND TIME OF LATEST TRANSACTION |
| control field |
20210505235655.0 |
| 008 - FIXED-LENGTH DATA ELEMENTS--GENERAL INFORMATION |
| fixed length control field |
210310s1987 ck ao gr 100 0 spa d |
| 040 ## - CATALOGING SOURCE |
| Original cataloging agency |
CO-JMCR |
| Transcribing agency |
CO-JMCR |
| 041 0# - LANGUAGE CODE |
| Language code of text/sound track or separate title |
spa |
| 082 04 - DEWEY DECIMAL CLASSIFICATION NUMBER |
| Classification number |
334 / |
| Item number |
C748d |
| Edition number |
23 |
| 111 2# - MAIN ENTRY--MEETING NAME |
| Meeting name or jurisdiction name as entry element |
Conferencia técnica para el desarrollo de la economía social |
| Date of meeting or treaty signing |
(1987 : |
| Location of meeting |
Cartagena) |
| 9 (RLIN) |
37461 |
| 245 10 - TITLE STATEMENT |
| Title |
Desarrollo de la economía social en Colombia / |
| Statement of responsibility, etc. |
Central cooperativa de crédito y desarrollo |
| 250 ## - EDITION STATEMENT |
| Edition statement |
Primera edición |
| 260 ## - PUBLICATION, DISTRIBUTION, ETC. |
| Place of publication, distribution, etc. |
Cartagena : |
| Name of publisher, distributor, etc. |
Coopdesarrollo, |
| Date of publication, distribution, etc. |
1987 |
| 300 ## - PHYSICAL DESCRIPTION |
| Extent |
121 páginas : |
| Other physical details |
ilustraciones y fotografías a blanco y negro ; |
| Dimensions |
23 cm. |
| 505 ## - FORMATTED CONTENTS NOTE |
| Title |
Conferencia técnica: una demostración de vigor y pujanza / |
| Statement of responsibility |
José T. Niño Rodríguez |
| Title |
El cooperativismo y el nuevo municipio colombiano / |
| Statement of responsibility |
Dr. Belisario Betancur |
| Title |
Doctrina social de la iglesia y organizaciones de economía social / |
| Statement of responsibility |
Arzobispo Pedro Rubiano Sáenz |
| Title |
Papel de las cooperativas en el desarrollo económico / |
| Statement of responsibility |
Dr. Ernesto Samper Pizano |
| Title |
El cooperativismo y la política social del gobierno / |
| Statement of responsibility |
Dr. Rodrigo Marín Bernal |
| Title |
Las cooperativas y la reforma agraria / |
| Statement of responsibility |
Dr. Alfonso López Caballero |
| Title |
Actualización de la legislación cooperativa / |
| Statement of responsibility |
Dr. Álvaro Uribe Vélez |
| Title |
Análisis crítico de la aplicación de los principios cooperativos en Colombia / |
| Statement of responsibility |
(Dr. Rymel Serrano Uribe) |
| Title |
La informática y la empresa cooperativa / |
| Statement of responsibility |
Ing. Joaquín Orama Leuro |
| 650 14 - SUBJECT ADDED ENTRY--TOPICAL TERM |
| Topical term or geographic name entry element |
Cooperativas |
| 9 (RLIN) |
15459 |
| General subdivision |
Conferencias, seminarios, etc. |
| Geographic subdivision |
Colombia |
| 942 ## - ADDED ENTRY ELEMENTS (KOHA) |
| Source of classification or shelving scheme |
Dewey Decimal Classification |
| Koha item type |
Books |